Piłkarska kariera Luca Toniego. - Statystyki

Ogólne statystyki
  • Ten quiz został rozwiązany 43 razy
  • Średni wynik to 6 z 16
Statystyki odpowiedzi
Lata Drużyna % Poprawnych
2011-2012 Juventus
92%
2007-2010 Bayern
78%
2005-2007 Fiorentina
64%
2012-2013 Fiorentina
64%
2010-2010 Roma
64%
2013-2016 Hellas
56%
2010-2011 Genoa
42%
2003-2005 Palermo
42%
2001-2003 Brescia
31%
1996-1997 Empoli
19%
1994-1996 Modena
11%
2000-2001 Vicenza
11%
2012-2012 Al-Nasr
6%
1999-2000 Treviso
6%
1998-1999 Cisco Lodigiani
0%
1997-1998 Florenzuola
0%
Nie znaleziono quizów pasujących do podanych kryteriów
Rozkład punktacji
Procent ludzi z każdym wynikiem
Percentyl według liczby udzielonych odpowiedzi
Twoja historia wyników
Nie rozwiązałeś tego quizu